000 00244nam a22001097a 4500
041 _aeng
080 _a80
100 _aHeines, S., Steward,B.
245 _aMasterclass New First Certificate. W/B.
650 _aEnglish Practice
999 _c280730
_d280730
942 _cBK